00572nam a2200157Ia 4500008004100000020001800041050002200059100002300081245011200104260006000216300002900276500004100305521000700346650002800353650003300381140609s9999 xx 000 0 und d a9789711012014 aDS 670b.L39 2010 aLayug, Benjamin L. 2aA tourist guide to notable Philippine historical landmarks, monuments, and shrines /cBenjamin Locsin Layug aQuezon City, Philippines :bNew Day Publishers,cc2010. a110 p. :bill. ;c23 cm. aIncludes bibliographical references. aGE aMonumentsxPhilippines. aPhilippinesxHistory, Local.